| 000 | 01822nam0a2200409 4500 | ||
|---|---|---|---|
| 001 | RU\NLR\bibl\391117 | ||
| 005 | 20250622160642.0 | ||
| 010 |
_a5-88465-322-0 _9150 |
||
| 021 |
_aRU _b2003-7198 _9332 |
||
| 035 | _a(NLR Aleph) 000385414 | ||
| 090 |
_a482042 _c482042 |
||
| 100 | _a20030408d2001 |||y0rusy50 ca | ||
| 101 | 0 | _arus | |
| 102 | _aRU | ||
| 105 | _aa ||||||||| | ||
| 200 | 1 |
_aРазвитие управления корпоративными образованиями в нефтяном предпринимательстве _fЛ.Л. Тонышева _gМ-во образования Рос. Федерации, Тюм. гос. нефтегазовый ун-т |
|
| 210 |
_aТюмень _cНефтегазовый ун-т _cТюмГНГУ _d2001 |
||
| 215 |
_a446 с. _cил. _d20 |
||
| 320 | _aБиблиогр.: с. 429-444 (270 назв.) | ||
| 606 | 0 |
_aНефтяные компании _xИнновационная деятельность _yРоссийская Федерация _92173622 _3RU\NLR\auth\661307384 |
|
| 606 | 0 |
_aНефтяная промышленность _xПредпринимательство _yРоссийская Федерация _92214773 _3RU\NLR\auth\661330272 |
|
| 610 | 0 | _aНефтяные предприятия - Управление | |
| 610 | 0 | _aКорпоративное управление | |
| 675 |
_a622.334:334.78 _v3 _zrus |
||
| 686 |
_a52.35 _2rugasnti |
||
| 686 |
_a33.36 _2rubbk |
||
| 686 | _aУ30(2)565.2-55(2Р) | ||
| 686 | _aУ30(2)565.2-13(2Р) | ||
| 700 | 1 |
_aТонышева _bЛ. Л. _gЛюбовь Леонидовна _4070 |
|
| 801 | 0 |
_aRU _bRKP _c20030408 _gPSBO |
|
| 801 | 1 |
_aRU _bRKP _c20030408 |
|
| 801 | 2 |
_aRU _bNLR _c20030512 _grcr |
|
| 830 | _aАвт. по кн. | ||
| 942 | _cBOOK | ||
| 980 | _aNB | ||
| 980 | _aNBR | ||